000 00649nam a2200265Ia 4500
005 20260121165122.0
008 008 260114s9999 xx 000 0 eng d
020 _a9781137590848
037 _aEBOOK
040 _aCRL
040 _beng
040 _cCRL
041 _2eng
041 _aeng
084 _qCRL
100 _aMargaret A. Nash
_91047754
245 0 _aWomen’s Higher Education in the United States
260 _bSpringer
260 _bSpringer
260 _c2018
856 _uhttps://link.springer.com/openurl?genre=book&isbn=978-1-137-59084-8
942 _cEBOOK
999 _c1613479
_d1613479